=LDR 00000nam 2200000 4500 =001 INLIS000000000048180 =005 20200819075309 =035 ##$$a 0010-081600000000017 =008 200819################g##########0#ind## =082 ##$$a 2x9.13 =100 1#$$a Hamudah Abdul Wahhab =245 1#$$a Manajemen rumah tangga Nabi SAW /$c Abdul Wahhab Hamudah =250 ##$$a cet.1 =260 ##$$a Bandung :$b Pustaka Hidayah,$c 2002 =300 ##$$a 151 hlm ; $c 13x20 cm =084 ##$$a 2x9.13 HAM m =650 #4$$a Rumah tangga Nabi =990 ##$$a 00091405 =990 ##$$a 168. 496/ pb. 2002 =990 ##$$a 171.125 pro.2002